NBA General knowledge - Statistics

General Stats
  • This quiz has been taken 22 times
  • The average score is 6 of 10
Answer Stats
Question Answer % Correct
all time leading scorer Lebron
100%
Whos the best shooter Curry (Steph)
90%
Most three in a game Klay Thompson
85%
Most triple doubles Russell westbrook
85%
Bronny's career high 17
80%
Finally whos gonna drop thirty next mac McClung or bronny bronny
65%
Who's the goat Jordan
60%
Most washed NBA player right now Khris middleton
25%
Most tuff Shai Gilgeous-Alexander
25%
Most attempted Free throws in a game Dwight howard
5%
No matching quizzes found
Score Distribution
Percent of People with Each Score
Percentile by Number Answered
Your Score History
You have not taken this quiz